[Event "8. LGA Premium Cup 2011"]
[Site "Nürnberg"]
[Date "2011.09.10"]
[Round "4.6"]
[White "Klundt, Klaus"]
[Black "Malakhatko, Vadim"]
[Result "1-0"]
[WhiteElo "2356"]
[BlackElo "2542"]
[PlyCount "85"]
[EventDate "2011.??.??"]
[WhiteTeam "SC Heusenstamm"]
[BlackTeam "SV Mülheim-Nord 1931 e"]

1. e4 c5 2. Nf3 e6 3. d4 cxd4 4. Nxd4 Nc6 5. Nc3 Qc7 6. Be3 a6 7. Bd3 Nf6 8.
O-O Nxd4 9. Bxd4 Bc5 10. Bxc5 Qxc5 11. Kh1 b5 12. Qe2 b4 13. Nb1 Bb7 14. Nd2 d6
15. a3 a5 16. f4 O-O 17. e5 dxe5 18. fxe5 Nd7 19. Rae1 bxa3 20. bxa3 Qd4 21.
Qh5 g6 22. Qg5 Nc5 23. Rf4 Qd8 24. Qh6 Nxd3 25. cxd3 f5 26. exf6 Rxf6 27. Ref1
Rf5 28. Rxf5 exf5 29. Re1 Qd5 30. Qh3 Rc8 31. Nc4 Qd4 32. Qg3 Rd8 33. Nxa5 Ba8
34. h3 f4 35. Qg4 Bd5 36. Nc6 Qf2 37. Rg1 Bxc6 38. Qe6+ Kg7 39. Qe7+ Kh6 40.
Qxd8 f3 41. Qf8+ Kg5 42. Qe7+ Kh6 43. g4 1-0

[Event "8. LGA Premium Cup 2011"]
[Site "Nürnberg"]
[Date "2011.09.10"]
[Round "4.7"]
[White "Breutigam, Martin"]
[Black "Olszewski, Michal"]
[Result "0-1"]
[WhiteElo "2338"]
[BlackElo "2516"]
[PlyCount "92"]
[EventDate "2011.??.??"]
[WhiteTeam "SK Union Oldenburg"]
[BlackTeam "DJK Aufwärts St. Josef Aachen 19"]

1. Nf3 Nf6 2. c4 e6 3. g3 d5 4. Bg2 Be7 5. O-O O-O 6. b3 c5 7. e3 Nc6 8. Bb2 d4
9. exd4 cxd4 10. Re1 Ne8 11. d3 f6 12. a3 a5 13. Nbd2 e5 14. Qe2 Nc7 15. Rab1
Re8 16. Nh4 Bf8 17. Bc1 Be6 18. Ne4 Qd7 19. b4 axb4 20. axb4 Nxb4 21. Rb2 b5
22. Bd2 Nxd3 23. Qxd3 bxc4 24. Qc2 c3 25. Bxc3 dxc3 26. Nxc3 Rab8 27. Reb1 Rxb2
28. Rxb2 f5 29. Nf3 e4 30. Ng5 Rc8 31. Nxe6 Nxe6 32. Qb3 Qf7 33. Bf1 Nd4 34.
Qxf7+ Kxf7 35. Nd5 g5 36. Kg2 Rc1 37. Rd2 Nf3 38. Ra2 Ne1+ 39. Kg1 Bc5 40. Ne3
f4 41. gxf4 gxf4 42. Ng4 h5 43. Ne5+ Ke6 44. Ng6 Kf5 45. Ra6 Nf3+ 46. Kg2 Rc2
0-1

[Event "8. LGA Premium Cup 2011"]
[Site "Nürnberg"]
[Date "2011.09.10"]
[Round "4.8"]
[White "Wagner, Dennis"]
[Black "Hoffmann, Michael"]
[Result "1/2-1/2"]
[WhiteElo "2302"]
[BlackElo "2463"]
[PlyCount "101"]
[EventDate "2011.??.??"]
[WhiteTeam "Kasseler SK 1876"]
[BlackTeam "SG Solingen e.V."]

1. d4 Nf6 2. c4 e6 3. g3 d5 4. Nf3 Be7 5. Bg2 O-O 6. O-O c6 7. Qc2 b6 8. Nbd2
Bb7 9. e4 Na6 10. a3 c5 11. cxd5 exd5 12. e5 Nd7 13. Re1 Nc7 14. Nf1 Ne6 15.
Ne3 g6 16. Qd1 cxd4 17. Nc2 d3 18. Ncd4 Ndc5 19. b4 Nxd4 20. Nxd4 Ne6 21. Qxd3
a5 22. Bd2 axb4 23. axb4 Rxa1 24. Rxa1 Qc7 25. f4 Ra8 26. Rxa8+ Bxa8 27. h4 Qc4
28. Qxc4 dxc4 29. Bxa8 Nxd4 30. Kf2 Nc2 31. Bd5 Bxb4 32. Bxb4 Nxb4 33. Bxc4 Kf8
34. g4 Ke7 35. g5 Nc6 36. Ke3 Kf8 37. Bd3 Kg7 38. Be4 Nb4 39. Bb7 h6 40. Kd4
Nc2+ 41. Kd3 Na3 42. Bc6 hxg5 43. hxg5 Kf8 44. Kc3 Ke7 45. Kb3 Ke6 46. Kxa3 Kf5
47. Bd5 Kxf4 48. Bxf7 Kxe5 49. Bxg6 Kf4 50. Be4 Kxg5 51. Kb4 1/2-1/2

[Event "8. LGA Premium Cup 2011"]
[Site "Nürnberg"]
[Date "2011.09.10"]
[Round "4.9"]
[White "Lobzhanidze, Davit"]
[Black "Raykhman, Alexander"]
[Result "1/2-1/2"]
[WhiteElo "2463"]
[BlackElo "2322"]
[PlyCount "83"]
[EventDate "2011.??.??"]
[WhiteTeam "SV 1920 Hofheim"]
[BlackTeam "OSG Baden-Baden"]

1. e4 c5 2. Nf3 d6 3. Bc4 Nf6 4. d3 Nc6 5. Bb3 Bg4 6. c3 e6 7. h3 Bh5 8. Qe2
Be7 9. Bg5 O-O 10. Bxf6 Bxf6 11. g4 Bg6 12. h4 h5 13. Ng5 Bxg5 14. hxg5 Qxg5
15. gxh5 Bh7 16. Nd2 d5 17. O-O-O c4 18. dxc4 Bxe4 19. Rhg1 Qh6 20. Rg3 Kh8 21.
Rdg1 Rg8 22. cxd5 exd5 23. Qe3 Ne5 24. Nxe4 dxe4 25. Qxh6+ gxh6 26. Rxg8+ Rxg8
27. Rxg8+ Kxg8 28. Bd5 Nd3+ 29. Kd2 Nxf2 30. Bxb7 f5 31. Ke3 Nd1+ 32. Kf4 Nxb2
33. Bc8 Nd1 34. c4 e3 35. Kf3 f4 36. Bg4 Nc3 37. c5 e2 38. Kf2 Ne4+ 39. Kxe2
Nxc5 40. Kf3 Kf7 41. Kxf4 Kf6 42. Bf5 1/2-1/2

[Event "8. LGA Premium Cup 2011"]
[Site "Nürnberg"]
[Date "2011.09.10"]
[Round "4.10"]
[White "Pezerovic, Edin"]
[Black "Troyke, Christian"]
[Result "1/2-1/2"]
[WhiteElo "2406"]
[BlackElo "2325"]
[PlyCount "41"]
[EventDate "2011.??.??"]

1. d4 Nf6 2. Nf3 g6 3. Bg5 Bg7 4. e3 c5 5. c3 cxd4 6. exd4 O-O 7. Bd3 Nc6 8.
O-O d6 9. Re1 Qb6 10. Qb3 Qc7 11. Nbd2 e5 12. dxe5 dxe5 13. Rad1 Be6 14. Qa4
Nd5 15. Qh4 f6 16. Bh6 Rad8 17. Bxg7 Qxg7 18. Bc4 Na5 19. Bxd5 Bxd5 20. Qa4 Qc7
21. c4 1/2-1/2

[Event "8. LGA Premium Cup 2011"]
[Site "Nürnberg"]
[Date "2011.09.10"]
[Round "4.11"]
[White "Wichmann, Cliff"]
[Black "Tischbierek, Raj"]
[Result "0-1"]
[WhiteElo "2320"]
[BlackElo "2442"]
[PlyCount "82"]
[EventDate "2011.??.??"]
[WhiteTeam "ESV Nickelhütte Aue"]
[BlackTeam "USV TU Dresden"]

1. d4 Nf6 2. c4 e6 3. Nf3 d5 4. Nc3 Bb4 5. e3 O-O 6. Bd3 c5 7. cxd5 exd5 8. O-O
c4 9. Be2 Bxc3 10. bxc3 Ne4 11. Qc2 Bf5 12. Qb2 Nc6 13. Nd2 Nxd2 14. Bxd2 Qd7
15. Bd1 Rab8 16. Bc2 b5 17. Qb1 Bxc2 18. Qxc2 f5 19. Rfe1 Rfe8 20. f3 b4 21.
Rab1 a5 22. e4 fxe4 23. fxe4 dxe4 24. Rxe4 Qd5 25. Rh4 g6 26. Rg4 b3 27. axb3
cxb3 28. Qd3 Ne5 29. Qf5 Qd7 30. Qxd7 Nxd7 31. d5 Re2 32. Bf4 Rb7 33. Bh6 Ne5
34. Ra4 Nd3 35. Rxa5 Ra2 36. Rf1 Rf7 37. Ra1 Rff2 38. Ra8+ Kf7 39. Ra7+ Ke8 40.
R1xa2 Rxa2 41. Rb7 Ra1+ 0-1

[Event "8. LGA Premium Cup 2011"]
[Site "Nürnberg"]
[Date "2011.09.10"]
[Round "4.12"]
[White "Bernadskiy, Vitaliy"]
[Black "Schramm, Christian"]
[Result "0-1"]
[WhiteElo "2439"]
[BlackElo "2297"]
[PlyCount "150"]
[EventDate "2011.??.??"]
[BlackTeam "SC 1959 Obernau"]

1. d4 e6 2. c4 Nf6 3. Nc3 c5 4. d5 exd5 5. cxd5 d6 6. Nf3 Bg4 7. Qb3 b6 8. e4
Be7 9. Bb5+ Nfd7 10. Nd2 a6 11. Be2 Bxe2 12. Nxe2 O-O 13. O-O Re8 14. a4 Bf8
15. Nc3 Ne5 16. Qc2 Nbd7 17. f4 Ng4 18. Nf3 Rb8 19. Re1 b5 20. axb5 axb5 21. h3
Ngf6 22. Bd2 b4 23. Nd1 Ra8 24. Nf2 Rxa1 25. Rxa1 Qb6 26. Qc4 Qb7 27. Re1 Ra8
28. g4 Ne8 29. g5 Qa6 30. Qc2 Nb6 31. Rc1 Nc7 32. f5 Qe2 33. Kg2 Ra2 34. Qb3
Ra7 35. Bf4 Qb5 36. h4 Qa4 37. Qe3 Qa2 38. Nd3 Nc4 39. Qf2 Qb3 40. Qe2 Nb6 41.
Nd2 Qa4 42. h5 Qe8 43. Qe3 Ra2 44. f6 Nb5 45. Bg3 Nd4 46. Bf2 Qb5 47. Nf4 Rxb2
48. Nf1 Ne2 49. Re1 Nxf4+ 50. Qxf4 Qc4 51. fxg7 Bxg7 52. Qxd6 Qd4 53. Qb8+ Bf8
54. Qg3 Bd6 55. Qf3 Nc4 56. Kg1 Ne5 57. Qf6 Rxf2 58. Qxf2 Nf3+ 59. Kg2 Nxe1+
60. Qxe1 c4 61. Nd2 c3 62. Nf3 Qc4 63. g6 hxg6 64. hxg6 fxg6 65. e5 Qg4+ 66.
Kh2 Qxf3 67. exd6 Qf4+ 68. Kh3 Qxd6 69. Qd1 Kf7 70. Kg4 Qf6 71. d6 Qf5+ 72. Kg3
Qg5+ 73. Kf2 Qd2+ 74. Qxd2 cxd2 75. Ke2 g5 0-1

[Event "8. LGA Premium Cup 2011"]
[Site "Nürnberg"]
[Date "2011.09.10"]
[Round "4.13"]
[White "Vidonyak, Roman"]
[Black "Mons, Leon"]
[Result "1-0"]
[WhiteElo "2413"]
[BlackElo "2325"]
[PlyCount "47"]
[EventDate "2011.??.??"]
[WhiteTeam "TV Tegernsee"]
[BlackTeam "SC Forchheim e.V."]

1. d4 g6 2. Nf3 Bg7 3. g3 Nf6 4. c4 O-O 5. Bg2 d6 6. O-O Nbd7 7. Nc3 e5 8. e3
c6 9. a4 a5 10. b3 exd4 11. exd4 d5 12. Re1 Nb8 13. Ne5 Be6 14. Bg5 dxc4 15.
bxc4 h6 16. d5 hxg5 17. dxe6 fxe6 18. Qc2 Nfd7 19. Rad1 Qf6 20. Nxd7 Qxc3 21.
Qxc3 Bxc3 22. Nxf8 Bxe1 23. Nxe6 Bb4 24. Nc7 1-0

[Event "8. LGA Premium Cup 2011"]
[Site "Nürnberg"]
[Date "2011.09.10"]
[Round "4.14"]
[White "Kunin, Vitaly"]
[Black "Nabavi, Parwis"]
[Result "1-0"]
[WhiteElo "2581"]
[BlackElo "2214"]
[PlyCount "51"]
[EventDate "2011.??.??"]
[WhiteTeam "Freibauer Mörlenbach-Birkenau"]

1. d4 d5 2. c4 e6 3. Nc3 Nf6 4. Bg5 Be7 5. e3 h6 6. Bh4 O-O 7. Nf3 b6 8. g4 Bb7
9. Bxf6 Bxf6 10. h4 Nd7 11. cxd5 exd5 12. g5 hxg5 13. hxg5 Bxg5 14. Nxg5 Qxg5
15. Qf3 Nf6 16. Be2 Rfd8 17. O-O-O Ne4 18. Rh5 Qf6 19. Rdh1 Kf8 20. Rf5 Qg6 21.
Rh8+ Ke7 22. Re5+ Kd7 23. Qh3+ f5 24. Rxf5 Qg1+ 25. Kc2 Kc6 26. Rf6+ 1-0

[Event "8. LGA Premium Cup 2011"]
[Site "Nürnberg"]
[Date "2011.09.10"]
[Round "4.15"]
[White "Hector, Jonny"]
[Black "Unzicker, Ferdinand"]
[Result "1-0"]
[WhiteElo "2532"]
[BlackElo "2273"]
[PlyCount "57"]
[EventDate "2011.??.??"]
[WhiteTeam "SK Turm Emsdetten e.V."]
[BlackTeam "FC Bayern München e.V."]

1. e4 e6 2. d4 d5 3. Nc3 Nf6 4. Bg5 Bb4 5. e5 h6 6. Bc1 Ne4 7. Qg4 Kf8 8. Nge2
c5 9. a3 Ba5 10. dxc5 Nxc3 11. Nxc3 Bxc3+ 12. bxc3 Nd7 13. Qd4 Qc7 14. Be2 Nxc5
15. a4 a5 16. Ba3 b6 17. Rb1 Kg8 18. Rb5 Nd7 19. Bd6 Qc6 20. c4 Ba6 21. O-O Rc8
22. f4 g6 23. f5 exf5 24. cxd5 Qc3 25. Qxc3 Rxc3 26. e6 fxe6 27. dxe6 Bxb5 28.
Bxb5 Nc5 29. e7 1-0

[Event "8. LGA Premium Cup 2011"]
[Site "Nürnberg"]
[Date "2011.09.10"]
[Round "4.16"]
[White "Levushkina, Elena"]
[Black "Ftacnik, Lubomir"]
[Result "1/2-1/2"]
[WhiteElo "2309"]
[BlackElo "2564"]
[PlyCount "51"]
[EventDate "2011.??.??"]

1. e4 c5 2. c3 d5 3. exd5 Qxd5 4. d4 g6 5. Nf3 Bg7 6. Na3 cxd4 7. Bc4 Qe4+ 8.
Be3 Nh6 9. cxd4 O-O 10. O-O Bg4 11. Bxh6 Bxh6 12. Re1 Qf4 13. Rxe7 Nc6 14. Rxb7
Rab8 15. Rxb8 Rxb8 16. b3 Bxf3 17. Qxf3 Qxf3 18. gxf3 Nxd4 19. Kg2 Bf8 20. Rd1
Bxa3 21. Rxd4 Rb7 22. Rd5 Kg7 23. Kf1 f5 24. Kg2 Kh6 25. Ra5 Bb4 26. Rb5
1/2-1/2

[Event "8. LGA Premium Cup 2011"]
[Site "Nürnberg"]
[Date "2011.09.10"]
[Round "4.17"]
[White "Heidrich, Manfred"]
[Black "Bindrich, Falko"]
[Result "1/2-1/2"]
[WhiteElo "2259"]
[BlackElo "2554"]
[PlyCount "205"]
[EventDate "2011.??.??"]
[WhiteTeam "SC Forchheim e.V."]
[BlackTeam "SC Eppingen"]

1. f4 d5 2. Nf3 g6 3. g3 Bg7 4. Bg2 c5 5. d3 Nc6 6. O-O Nf6 7. Qe1 O-O 8. e4
dxe4 9. dxe4 e5 10. Nc3 Nd4 11. Qd2 exf4 12. gxf4 Ng4 13. Nd1 Be6 14. c3 Nxf3+
15. Bxf3 Qxd2 16. Bxd2 Rad8 17. Bc1 h5 18. h3 Nf6 19. Nf2 b6 20. Be3 Rd7 21.
Rfd1 Rfd8 22. Rxd7 Rxd7 23. Kf1 Ne8 24. Ke1 Bf6 25. f5 Bc4 26. Be2 Bxe2 27.
Kxe2 gxf5 28. exf5 Rd5 29. Ne4 Rxf5 30. Rd1 Be7 31. Ng3 Re5 32. Kf3 Ng7 33. Bf4
Re6 34. Rd7 a6 35. Rd5 h4 36. Ne4 f5 37. Nd6 Bxd6 38. Rxd6 Kf7 39. Rd7+ Kg6 40.
Be3 Ne8 41. Bf2 Nd6 42. Bxh4 Nc4 43. Ra7 Re3+ 44. Kf2 Rxh3 45. Bg3 Nxb2 46.
Rxa6 Nc4 47. Ra4 Nd2 48. Kg2 Rh7 49. Ra6 Rb7 50. Bf4 Ne4 51. c4 Kf6 52. Kf1 Ng5
53. Ke2 Ne6 54. Ke3 Rh7 55. Rxb6 Rh3+ 56. Kd2 Ra3 57. Bd6 Rxa2+ 58. Kc3 Kf7 59.
Rb5 Ra3+ 60. Kb2 Rh3 61. Bxc5 f4 62. Ba7 f3 63. Kc2 Kf6 64. Kd2 Rh2+ 65. Ke3
Ng5 66. Rxg5 f2 67. Rg8 Kf7 68. Ke2 f1=Q+ 69. Kxf1 Kxg8 70. Bf2 Kf7 71. Ke2 Ke6
72. Ke3 Rh1 73. Kd4 Kd6 74. Be3 Rh4+ 75. Kd3 Ke5 76. Bb6 Rh3+ 77. Kc2 Ke4 78.
Ba7 Ra3 79. Bb6 Ra6 80. Bg1 Ra2+ 81. Kc3 Ra3+ 82. Kc2 Rh3 83. Ba7 Ke5 84. Bb6
Kd6 85. Bd4 Kc6 86. Kb2 Rd3 87. Bg1 Kb7 88. Kc2 Rh3 89. Bc5 Rh5 90. Bd4 Ka6 91.
Kb3 Rh3+ 92. Kb4 Rd3 93. Bf2 Rd7 94. Bc5 Rb7+ 95. Kc3 Ka5 96. Bd6 Ka4 97. Bc5
Rh7 98. Bd6 Rh4 99. Be7 Rh3+ 100. Kc2 Re3 101. Bd6 Re4 102. Kc3 Rxc4+ 103. Kxc4
1/2-1/2

[Event "8. LGA Premium Cup 2011"]
[Site "Nürnberg"]
[Date "2011.09.10"]
[Round "4.18"]
[White "Donchenko, Alexander"]
[Black "Bischoff, Klaus"]
[Result "1/2-1/2"]
[WhiteElo "2281"]
[BlackElo "2528"]
[PlyCount "89"]
[EventDate "2011.??.??"]
[WhiteTeam "SK 1858 Gießen"]
[BlackTeam "Sportfreunde Katernberg 1913 e.V"]

1. d4 c5 2. d5 Nf6 3. Nc3 d6 4. e4 g6 5. h3 Bg7 6. Nf3 O-O 7. Be2 b5 8. e5 dxe5
9. Bxb5 Bb7 10. Bc4 Nbd7 11. Bb3 Nb6 12. Nxe5 Nfxd5 13. Nxd5 Bxe5 14. Ne3 Qxd1+
15. Kxd1 Rfd8+ 16. Ke1 c4 17. Nxc4 Nxc4 18. Bxc4 Rac8 19. Bd3 Bxg2 20. Rg1 Bxh3
21. Ke2 h5 22. Rb1 Bg4+ 23. f3 Be6 24. b3 Rxd3 25. cxd3 Rc2+ 26. Bd2 Rxa2 27.
Ke3 Bf5 28. Rbc1 Ra6 29. Bc3 Bh2 30. Rg2 Re6+ 31. Kf2 Bf4 32. Re1 Rxe1 33. Kxe1
Bxd3 34. Ra2 a6 35. Kf2 f6 36. Ra4 g5 37. Rd4 Bb5 38. Bb4 Bc7 39. Bxe7 Bb6 40.
Bxf6 Kf7 41. Bh8 Bc6 42. Ke2 Bxd4 43. Bxd4 Ke6 44. Kf2 Kf5 45. Bb6 1/2-1/2

[Event "8. LGA Premium Cup 2011"]
[Site "Nürnberg"]
[Date "2011.09.10"]
[Round "4.19"]
[White "Prusikin, Michael"]
[Black "Afek, Yochanan"]
[Result "1-0"]
[WhiteElo "2507"]
[BlackElo "2295"]
[PlyCount "67"]
[EventDate "2011.??.??"]
[WhiteTeam "SC Forchheim e.V."]
[BlackTeam "Hamburger SK von 1830 eV"]

1. d4 Nf6 2. c4 g6 3. Nc3 Bg7 4. e4 O-O 5. Nf3 c5 6. Be2 cxd4 7. Nxd4 Nc6 8.
Be3 d6 9. O-O Bd7 10. Qd2 Nxd4 11. Bxd4 a5 12. Kh1 Bc6 13. f3 Nd7 14. Bxg7 Kxg7
15. f4 a4 16. Rf3 f5 17. Rh3 fxe4 18. f5 Nf6 19. Qh6+ Kf7 20. Rf1 Rg8 21. Nd5
Bxd5 22. cxd5 Qf8 23. fxg6+ hxg6 24. Qe3 Kg7 25. Qh6+ Kf7 26. Qe3 Kg7 27. g4 g5
28. Qxg5+ Kf7 29. Qh5+ Kg7 30. Qg5+ Kf7 31. Qf5 Ke8 32. Bb5+ Kd8 33. g5 Ra5 34.
Rc1 1-0

[Event "8. LGA Premium Cup 2011"]
[Site "Nürnberg"]
[Date "2011.09.10"]
[Round "4.20"]
[White "Heimrath, Reiner"]
[Black "Ginsburg, Gennadi"]
[Result "0-1"]
[WhiteElo "2189"]
[BlackElo "2483"]
[PlyCount "82"]
[EventDate "2011.??.??"]
[WhiteTeam "SC Noris-Tarrasch Nürnberg 1873"]
[BlackTeam "SV 1920 Hofheim"]

1. e4 c5 2. Nf3 e6 3. d4 cxd4 4. Nxd4 a6 5. Bd3 Bc5 6. Nb3 Ba7 7. Qe2 Nc6 8.
Be3 Bxe3 9. Qxe3 Nf6 10. Nc3 d6 11. O-O-O O-O 12. f4 Qc7 13. g4 Nxg4 14. Qg3
Nf6 15. Rhg1 Ne8 16. Qh4 Qe7 17. Qh5 Nb4 18. e5 f5 19. Be2 dxe5 20. fxe5 Nc6
21. Rde1 Nxe5 22. Bd1 Ng6 23. Re3 Nf6 24. Qe2 Bd7 25. Reg3 Rf7 26. Nd4 e5 27.
Nf3 f4 28. Rxg6 hxg6 29. Ng5 e4 30. Qc4 Rc8 31. Qb3 b5 32. Re1 e3 33. Bf3 Rc5
34. h4 Bc6 35. Bxc6 Rxc6 36. Nd5 Nxd5 37. Qxd5 Rc5 38. Qa8+ Rf8 39. Qxa6 f3 40.
Qa3 f2 41. Qb3+ Rc4 0-1

[Event "8. LGA Premium Cup 2011"]
[Site "Nürnberg"]
[Date "2011.09.10"]
[Round "4.21"]
[White "Luther, Thomas"]
[Black "Siedentopf, Daniel"]
[Result "1-0"]
[WhiteElo "2493"]
[BlackElo "2237"]
[PlyCount "107"]
[EventDate "2011.??.??"]
[WhiteTeam "SV Empor Erfurt"]
[BlackTeam "SG Grün-Weiß Dresden"]

1. e4 e6 2. d4 d5 3. e5 c5 4. c3 Nc6 5. Nf3 Bd7 6. Be2 Nh6 7. O-O cxd4 8. Bxh6
gxh6 9. cxd4 Bg7 10. Nc3 O-O 11. Bb5 Qb6 12. Bxc6 Bxc6 13. Qd2 f6 14. Rae1 Rf7
15. exf6 Rxf6 16. Ne5 Raf8 17. f4 Rf5 18. g3 Bxe5 19. Rxe5 Rxe5 20. fxe5 Rxf1+
21. Kxf1 Be8 22. Kf2 Qb4 23. Ne4 Qxd2+ 24. Nxd2 Kg7 25. Ke3 Kf8 26. Kf4 Kg7 27.
Nf1 Bb5 28. Ne3 Be2 29. Ng2 Bd3 30. Ke3 Bg6 31. Nf4 Kf7 32. Kf3 Ke7 33. Kg4 Kd7
34. Kh4 a5 35. g4 Bb1 36. a3 Bg6 37. g5 Bf5 38. Ne2 b5 39. gxh6 b4 40. axb4
axb4 41. Kg5 Ke7 42. Nc1 Bb1 43. Nb3 Bd3 44. Nc5 Bb5 45. Kf4 Bc4 46. Ke3 Bf1
47. Kd2 Kf7 48. Nd7 Bb5 49. Nc5 Bf1 50. Kc2 Bc4 51. Nd7 Bb5 52. Nf6 Ba4+ 53. b3
Bb5 54. Nxh7 1-0

[Event "8. LGA Premium Cup 2011"]
[Site "Nürnberg"]
[Date "2011.09.10"]
[Round "4.22"]
[White "Meier, Volker"]
[Black "Huschenbeth, Niclas"]
[Result "0-1"]
[WhiteElo "2242"]
[BlackElo "2513"]
[PlyCount "68"]
[EventDate "2011.??.??"]
[WhiteTeam "SC Tarrasch 45 München"]
[BlackTeam "Hamburger SK von 1830 eV"]

1. d4 Nf6 2. Nf3 e6 3. c4 Bb4+ 4. Bd2 c5 5. Bxb4 cxb4 6. g3 b6 7. Qd3 Bb7 8.
Nbd2 O-O 9. Bg2 d6 10. O-O a5 11. Rfe1 Qc7 12. e4 e5 13. Nh4 Nc6 14. Nf5 g6 15.
d5 gxf5 16. dxc6 Qxc6 17. Qf3 f4 18. gxf4 Kh8 19. Nf1 Nd7 20. fxe5 dxe5 21. Qf5
Qe6 22. Rad1 Nc5 23. Qh5 Rad8 24. Ng3 Nd3 25. Bh3 Qf6 26. Bf5 h6 27. Re3 Nf4
28. Qf3 Rxd1+ 29. Qxd1 Rd8 30. Qc2 Qd6 31. a3 Qd1+ 32. Qxd1 Rxd1+ 33. Nf1 Ba6
34. axb4 Bxc4 0-1

[Event "8. LGA Premium Cup 2011"]
[Site "Nürnberg"]
[Date "2011.09.10"]
[Round "4.23"]
[White "Milov, Leonid"]
[Black "Bartsch, Berthold"]
[Result "1/2-1/2"]
[WhiteElo "2454"]
[BlackElo "2213"]
[PlyCount "129"]
[EventDate "2011.??.??"]
[WhiteTeam "SC Noris-Tarrasch Nürnberg 1873"]
[BlackTeam "SC Forchheim e.V."]

1. e4 d5 2. exd5 Qxd5 3. Nf3 Nf6 4. d4 Bg4 5. Be2 e6 6. c4 Bb4+ 7. Nc3 Bxc3+ 8.
bxc3 Qa5 9. Qb3 O-O 10. Ba3 Re8 11. O-O Nbd7 12. h3 Bh5 13. c5 c6 14. Bb4 Qc7
15. Rfe1 Nd5 16. Nd2 Bxe2 17. Rxe2 Nxb4 18. cxb4 b6 19. Nc4 bxc5 20. dxc5 Reb8
21. Qc3 Nf6 22. a3 Nd5 23. Qf3 Qf4 24. Qxf4 Nxf4 25. Rd2 Nd5 26. g3 h5 27. Re1
g6 28. Rd4 Kg7 29. f4 Kf6 30. Kf2 Rd8 31. Kf3 Rh8 32. Rd2 Rad8 33. Na5 Rc8 34.
Ree2 Rhd8 35. Rh2 Rh8 36. Nc4 Ra8 37. g4 Rab8 38. Kg3 Rbc8 39. Kf3 Rb8 40. g5+
Ke7 41. Rhe2 Rhd8 42. Re1 Kf8 43. Re4 Rd7 44. Red4 Rc7 45. R2d3 Rb5 46. Ke4 Rb8
47. Ke5 Ke7 48. Ne3 Rcb7 49. Nxd5+ exd5 50. f5 Re8 51. Rf4 gxf5 52. Kxf5 Kf8
53. Rh4 Kg7 54. Rhd4 Rbe7 55. b5 Re5+ 56. Kf4 cxb5 57. Rxd5 Re4+ 58. Kf3 Rc4
59. R3d4 Rc3+ 60. Rd3 Rc4 61. R3d4 Rc3+ 62. Rd3 Rc1 63. Rd1 Rc3+ 64. R1d3 Rc4
65. R3d4 1/2-1/2

[Event "8. LGA Premium Cup 2011"]
[Site "Nürnberg"]
[Date "2011.09.10"]
[Round "4.24"]
[White "Farago, Ivan"]
[Black "Kunz, Konstantin"]
[Result "1-0"]
[WhiteElo "2495"]
[BlackElo "2107"]
[PlyCount "116"]
[EventDate "2011.??.??"]
[WhiteTeam "SC Rottal"]
[BlackTeam "SC Kitzingen von 1905"]

1. d4 Nf6 2. c4 e6 3. Nf3 Bb4+ 4. Bd2 a5 5. g3 b6 6. Bg2 Bb7 7. O-O O-O 8. Bf4
Be7 9. Nc3 Ne4 10. Na4 Qc8 11. Qd3 Na6 12. Rac1 d6 13. Rfd1 f5 14. h4 h6 15.
Be3 Rb8 16. a3 Qe8 17. Nc3 Qh5 18. Ne1 Nxc3 19. Rxc3 c5 20. dxc5 Nxc5 21. Bxc5
bxc5 22. Rc2 a4 23. Bxb7 Rxb7 24. Qf3 Qxf3 25. exf3 g5 26. hxg5 hxg5 27. Re2
Kf7 28. Nd3 Rh8 29. Rde1 Rh6 30. Kg2 Rb8 31. g4 Rbh8 32. Rg1 f4 33. b4 axb3 34.
Rb2 Rh2+ 35. Kf1 Rb8 36. Nc1 d5 37. Rxb3 Rxb3 38. Nxb3 Rh8 39. Ke2 Ra8 40. Ra1
Ra4 41. Nd2 Bf6 42. Ra2 Bc3 43. Nb1 Rxc4 44. Rc2 Ba5 45. Rxc4 dxc4 46. Kd1 Ke7
47. Nd2 Kd7 48. Nxc4 Bc7 49. Kc2 Kc6 50. a4 Kd5 51. Kd3 Kc6 52. Ke4 Kb7 53. Nd2
Kb6 54. Kd3 Ka5 55. Kc4 Kxa4 56. Ne4 Bd8 57. Kxc5 Kb3 58. Kd6 Kc2 1-0

[Event "8. LGA Premium Cup 2011"]
[Site "Nürnberg"]
[Date "2011.09.10"]
[Round "4.25"]
[White "Siebrecht, Sebastian"]
[Black "Hirschberg, Valerian"]
[Result "1/2-1/2"]
[WhiteElo "2459"]
[BlackElo "2236"]
[PlyCount "39"]
[EventDate "2011.??.??"]
[WhiteTeam "Sportfreunde Katernberg 1913 e.V"]
[BlackTeam "Karlsruher SF 1853"]

1. c4 c5 2. Nc3 Nf6 3. Nf3 d5 4. cxd5 Nxd5 5. e4 Nb4 6. Bc4 Nd3+ 7. Ke2 Nf4+ 8.
Kf1 Ne6 9. a3 g6 10. b4 Bg7 11. Bb2 Nc6 12. bxc5 O-O 13. Qe2 Nxc5 14. d4 Nxd4
15. Nxd4 Qxd4 16. Rd1 Qf6 17. Ba1 Qh4 18. g3 Qh3+ 19. Kg1 Be6 20. Nd5 1/2-1/2

[Event "8. LGA Premium Cup 2011"]
[Site "Nürnberg"]
[Date "2011.09.10"]
[Round "4.26"]
[White "Lorscheid, Gerhard"]
[Black "Lanka, Zigurds"]
[Result "0-1"]
[WhiteElo "2261"]
[BlackElo "2423"]
[PlyCount "66"]
[EventDate "2011.??.??"]
[WhiteTeam "Stuttgarter SF 1879"]
[BlackTeam "TSV Schott Mainz"]

1. d4 Nf6 2. c4 g6 3. Nc3 Bg7 4. e4 d6 5. f3 O-O 6. Nge2 c5 7. d5 e6 8. Ng3 h5
9. Be2 h4 10. Nf1 Nh7 11. Be3 f5 12. exf5 exf5 13. Qd2 Re8 14. Bf2 a6 15. a4 b6
16. f4 Ra7 17. Ne3 Bh6 18. g3 Rae7 19. O-O Nd7 20. Ng2 g5 21. Ne3 Ndf6 22. Bd3
hxg3 23. hxg3 gxf4 24. Nxf5 Bxf5 25. Bxf5 Ng5 26. Qd3 fxg3 27. Qxg3 Rg7 28. Kh1
Re5 29. Qd3 Qe8 30. Bg1 Kh8 31. Rad1 Nh5 32. Bh2 Re3 33. Qc2 Nf3 0-1

[Event "8. LGA Premium Cup 2011"]
[Site "Nürnberg"]
[Date "2011.09.10"]
[Round "4.27"]
[White "Gutman, Lev"]
[Black "Promyshlyanskyy, Vitaliy"]
[Result "1/2-1/2"]
[WhiteElo "2433"]
[BlackElo "2182"]
[PlyCount "62"]
[EventDate "2011.??.??"]
[WhiteTeam "SV Lingen"]
[BlackTeam "SC Noris-Tarrasch Nürnberg 1873"]

1. Nf3 Nf6 2. g3 g6 3. Bg2 Bg7 4. O-O O-O 5. d4 d6 6. a4 Nbd7 7. a5 c6 8. Nbd2
Qc7 9. b3 Re8 10. Bb2 Rb8 11. e4 e5 12. dxe5 dxe5 13. Re1 Bf8 14. Nc4 b5 15.
axb6 axb6 16. Qd2 b5 17. Qa5 Qxa5 18. Nxa5 Rb6 19. Bc3 c5 20. Nd2 Bh6 21. b4
Bf8 22. bxc5 Nxc5 23. Reb1 Ba6 24. Nac4 Rbe6 25. Ne3 Na4 26. Bb4 Rc6 27. c4
Bxb4 28. Rxb4 Nc3 29. cxb5 Bxb5 30. Nd5 Ne2+ 31. Kh1 Nd4 1/2-1/2

[Event "8. LGA Premium Cup 2011"]
[Site "Nürnberg"]
[Date "2011.09.10"]
[Round "4.29"]
[White "Schuster, Karsten"]
[Black "Hirneise, Tobias"]
[Result "1/2-1/2"]
[WhiteElo "2197"]
[BlackElo "2446"]
[PlyCount "35"]
[EventDate "2011.??.??"]

1. d4 Nf6 2. c4 e6 3. Nc3 Bb4 4. Qc2 c5 5. dxc5 O-O 6. a3 Bxc5 7. Nf3 Nc6 8.
Bg5 h6 9. Bh4 Be7 10. e4 Nh5 11. Bxe7 Qxe7 12. Qd2 Nf6 13. O-O-O b6 14. e5 Ng4
15. Re1 f6 16. exf6 Nxf6 17. Bd3 Bb7 18. Kb1 1/2-1/2

[Event "8. LGA Premium Cup 2011"]
[Site "Nürnberg"]
[Date "2011.09.10"]
[Round "4.30"]
[White "Höfelsauer, Thomas"]
[Black "Renner, Christoph"]
[Result "0-1"]
[WhiteElo "2185"]
[BlackElo "2405"]
[PlyCount "74"]
[EventDate "2011.??.??"]
[WhiteTeam "SK München Südost e.V."]
[BlackTeam "FC Bayern München e.V."]

1. Nf3 Nf6 2. d4 d6 3. c4 Nbd7 4. g3 e5 5. Nc3 c6 6. Bg2 e4 7. Ng5 d5 8. cxd5
cxd5 9. Qb3 Nb6 10. h4 Be7 11. Nh3 h6 12. Nf4 O-O 13. Bd2 Bf5 14. e3 Rc8 15.
Nb5 Nc4 16. Bb4 Bxb4+ 17. Qxb4 Qb6 18. a3 a5 19. Qb3 a4 20. Qb4 Bd7 21. Nc3 Qc6
22. Rc1 Rfe8 23. Bf1 b5 24. Be2 g6 25. Kd1 Kg7 26. Kc2 Rc7 27. Kb1 Rec8 28. Ka2
Rb7 29. Rhg1 h5 30. Rc2 Be6 31. Rd1 Qd7 32. Rcc1 Rcb8 33. Rc2 Bf5 34. Bxc4 bxc4
35. Qxa4 Qd8 36. Qc6 Rb6 37. Qc5 Rc8 0-1